000 00513nam a2200193 i 4500
001 104057
003 ES-MaACL
007 t|
008 051122s1984 sp ||||1| spa d
020 _a84-359-0358-3
100 1 _aMeza, Alberto.
_980824
245 1 0 _aVisiones de ciego /
_cAlberto Meza.
260 _aMadrid :
_bPlayor,
_c1984.
300 _a37 p. ;
_c19 cm.
490 1 _aNueva poesía
830 0 _aNueva poesía (Playor)
_9180866
852 _aES-MaACL
_jL-9332
_bR.108801
999 _c104057
_d104057